|
|
|
|
| LEADER |
00000cam a2200000 i 4500 |
| 001 |
1/28837 |
| 008 |
021112s1994 gr | ||| |||| ||gre|| |
| 020 |
|
|
|a 9602403152
|
| 035 |
|
|
|l 10068687
|
| 040 |
|
|
|a GR-MyUa
|b gre
|e AACR2
|
| 041 |
1 |
|
|a gre
|h eng
|
| 082 |
7 |
|
|a 760.092
|2 (23)
|
| 100 |
1 |
|
|a Harris, Nathaniel.
|
| 245 |
1 |
2 |
|a Η ζωή και το έργο του Λωτρέκ /
|c Ναθάνιελ Χάρις ; σε συνεργασία με την Bridgeman Art Library ; μετάφραση: Ντενίζ Ρώντα.
|
| 260 |
|
|
|a Αθήνα :
|b Μίνωας,
|c 1994.
|
| 300 |
|
|
|a 79 σ. ;
|c 21 εκ.
|
| 500 |
|
|
|a Τίτλος πρωτοτύπου: Lautrec.
|
| 600 |
1 |
0 |
|a Toulouse-Lautrec, Henri de,
|d 1864-1901
|x Exhibitions.
|
| 700 |
1 |
|
|a Ρώντα, Ντενίζ,
|e trlf
|
| 852 |
|
|
|a INST
|b RHODES
|e 20021112
|h 760.092 HAR
|p 005400015950
|q 005400015950
|t BK
|y 0
|
| 901 |
|
|
|a BIBL4-2002-3
|
| 922 |
|
|
|a 4ΕΛΗ
|b 200210
|c Βιβλιοθήκη
|d ΔΕΝΤΡΟ
|
| 950 |
|
|
|a 094-2002-10-05
|
| 970 |
|
|
|a Κουλακιώτη
|b Λίτσα
|z 2002/12/03
|